El buey suelto /

Bibliographic Details
Main Author: Pereda, José María de, 1833-1906
Format: Book
Language:Spanish
Published: Buenos Aires : Espasa-Calpe, 1946.
Series:Colección Austral ; 558

MARC

Tag First Indicator Second Indicator Subfields
LEADER 00000cam a2200000Ia 4500
001 in00002394835
005 20151109062603.0
008 810714s1946 ag 000 1 spa d
035 |a (OCoLC)ocm07582848 
035 |a (OCoLC)7582848 
040 |a IAC  |c IAC  |d TXA  |d UtOrBLW 
049 |a TXAM 
090 |a PQ6554.P3  |b B8 1946 
092 |a 868  |b P4b 
100 1 |a Pereda, José María de,  |d 1833-1906. 
245 1 3 |a El buey suelto /  |c J.M. de Pereda. 
264 1 |a Buenos Aires :  |b Espasa-Calpe,  |c 1946. 
300 |a 216 pages ;  |c 18 cm. 
336 |a text  |b txt  |2 rdacontent 
337 |a unmediated  |b n  |2 rdamedia 
338 |a volume  |b nc  |2 rdacarrier 
490 0 |a Colección Austral ;  |v 558 
948 |a cataloged  |b h  |c 2008/6/5  |d c  |e vilik  |f 9:43:46 am 
994 |a C0  |b TXA 
999 |a MARS 
999 f f |s 45d33e61-d0eb-3328-873f-b5d211c1a1fc  |i 3e3ffc37-32a7-30ab-a33c-0f5200377b0b  |t 0 
952 f f |p ric  |a Texas A&M University  |b Rellis Campus  |c Joint Library Facility  |d Remote Storage  |t 0  |e PQ6554.P3 B8 1946  |h Library of Congress classification  |i unmediated -- volume  |m A14837246951 
998 f f |a PQ6554.P3 B8 1946  |t 0  |l Remote Storage